000 00858nam0a2200265 4500
001 RU\NLR\ONL1\52
005 20251118181757.7
035 _a(NLR Aleph) 009628822
090 _a9480215
_c9480215
100 _a20010212d1863 u y0rusy50 ca
101 0 _akom
102 _aRU
105 _ay |||||||||
200 1 _aКраткий православный катехизис
_eНа рус. и зырян. яз.
_fПер. учителем Андреем Поповым
210 _aСПб.
_cСинод. тип.
_d1863
215 _a27 с.
606 0 _aКатехизис православный
_91149722
_3RU\NLR\auth\66140498
686 1 _aЭ372.24-4
801 0 _aRU
_bNLR
_c20010212
_gPSBO
852 _aNLR
_bОНЛ
_jКоми-з./4-151(ксерокоп.)
899 _aРГБ
942 _cBOOK
980 _aNB